000 01382nam a2200349Ia 4500
001 ebr10659007
003 CaPaEBR
006 m u
007 cr cn|||||||||
008 091216s2010 nyua sb 001 0 eng d
010 _z 2009052743
020 _z1608769194 (hardcover)
020 _z9781608769193
020 _z9781611226669 (ebook)
040 _aCaPaEBR
_cCaPaEBR
035 _a(OCoLC)832313992
050 1 4 _aRC564.68
_b.S85 2010eb
082 0 4 _a616.85/8445
_222
245 0 0 _aSuicidal behavior in alcohol and drug abuse and dependence
_h[electronic resource] /
_ceditors, Leo Sher, Alexander Vilens.
260 _aNew York :
_bNova Science Publishers,
_cc2010.
300 _aix, 539 p. :
_bill.
490 1 _aPsychiatry -- theory, applications, and treatments
504 _aIncludes bibliographical references and index.
533 _aElectronic reproduction.
_bPalo Alto, Calif. :
_cebrary,
_d2013.
_nAvailable via World Wide Web.
_nAccess may be limited to ebrary affiliated libraries.
650 0 _aDual diagnosis.
650 0 _aSuicidal behavior.
655 7 _aElectronic books.
_2local
700 1 _aSher, Leo.
710 2 _aebrary, Inc.
830 0 _aPsychiatry -- theory, applications, and treatments.
856 4 0 _uhttp://site.ebrary.com/lib/rucke/Doc?id=10659007
_zAn electronic book accessible through the World Wide Web; click to view
999 _c166198
_d166198